01570 2200313 4500001002100000005001500021035002000036007000300056008004100059020002200100082001400122084002000136100002200156245009600178250003200274300003800306650002800344650002100372700002900393700002900422700002700451520065900478600001101137264002501148336002101173337003001194338002301224990000901247INLIS00000000000291720251103125104 a0010-1125000008ta251103 g f ind  a978-634-7031-15-0 a899.221 3 a899.221 3 GIG s0 aGigreyePengarang1 aSurat Dari Pram /cGigrey ; penyunting, Nara Lahmusi ; ilustrator, Yanda Fadila, JC Graphic aCetakan Pertama, Aprif 2025 a204 halaman :bilustrasi ;c20 cm 4aFiksi Sejarah Indonesia 4aPerjalanan Waktu0 aNara LahmusiePenyunting0 aYanda FadilaeIlustrator0 aJC GraphiceIlustrator aSurat Dari Pram adalah buku ketiga dalam seri Surat Untuk Jenaka, melanjutkan kisah cinta lintas waktu antara Pramoedya Bagoes Biro dan Jenaka Aryadiningrat. Setelah peristiwa di Batavia, Pram terjebak di masa lalu, sementara Jenaka berada di tahun 2028. Dalam kesendiriannya, Pram menulis surat-surat penuh kerinduan dan refleksi, yang tak pernah sampai ke tangan Jenaka. Novel ini menyuguhkan dilema emosional antara bertahan dalam kenangan atau melompat ke masa depan yang tak pasti. Dengan gaya naratif puitis dan menyentuh, buku ini menggambarkan bahwa cinta sejati mampu melampaui ruang dan waktu, meski harus dibayar dengan penantian yang panjang. 4aGigrey aDepok :bAkad,c2025 2rdacontentateks 2rdamediaatanpa perantara 2rdacarrieravolume a7426